MONOPOLIOS Y MISERIA/

Shranjeno v:
Bibliografske podrobnosti
Glavni avtor: Harnecker, Marta (autor)
Drugi avtorji: Uribe, Gabriel (autor) (autor)
Format: Knjiga
Serija:CUADERNOS DE EDUCACION POPULAR; 3
Teme:
Oznake: Označite
Brez oznak, prvi označite!

MARC

LEADER 00000nam^a2200000^a^4500
001 000225400
005 20250521000000.0
009 20260310104127.683
035 |a 018726 
037 |a Acervo Xavier Clavigero 
082 |a 330. 122  |b HAR 
100 |a Harnecker, Marta  |e (autor) 
245 1 0 |a MONOPOLIOS Y MISERIA/  |c MARTA HARNECKER, GABRIELA URIBE 
264 |a MEXICO :  |b EDUCACION POPULAR 
300 |a 63p. 
336 |a texto  |b txt  |2 rdacontenido 
337 |a sin mediación  |b n  |2 rdamedio 
338 |a volumen  |b nc  |2 rdasoporte 
440 |a CUADERNOS DE EDUCACION POPULAR;  |v 3 
649 |a XX 
650 |a Capitalismo 
650 |a MONOPOLIOS 
650 |a Países Subdesarrollados 
700 |a Uribe, Gabriel  |e (autor) 
910 |a Fondo General 
920 |a Impresos - Libros 
930 |a Colección General 
905 |a 101 
901 |a 018726  |b IT1  |c ACC  |i 018726  |u 20250521 
902 |a https://opac.biblio.iteso.mx/vufind/Record/000225400